Optimisation of reinforcement requirment of various shape cut out in plain panels under tensile load (Record no. 323901)
[ view plain ]
| 000 -LEADER | |
|---|---|
| fixed length control field | 00403 a2200133 4500 |
| 001 - CONTROL NUMBER | |
| control field | 88828 |
| 082 ## - DEWEY DECIMAL CLASSIFICATION NUMBER | |
| Classification number | PR 751 |
| 090 ## - LOCALLY ASSIGNED LC-TYPE CALL NUMBER (OCLC); LOCAL CALL NUMBER (RLIN) | |
| -- | 41969 |
| -- | 41969 |
| 100 ## - MAIN ENTRY--PERSONAL NAME | |
| Personal name | S Masood H Rizvi |
| 245 ## - TITLE STATEMENT | |
| Title | Optimisation of reinforcement requirment of various shape cut out in plain panels under tensile load |
| 260 ## - PUBLICATION, DISTRIBUTION, ETC. | |
| Place of publication, distribution, etc. | Karachi |
| Name of publisher, distributor, etc. | University of Karachi |
| Date of publication, distribution, etc. | 1979 |
| 300 ## - PHYSICAL DESCRIPTION | |
| Extent | 150p. |
| Accompanying material | Nadeem Ansari |
| 500 ## - GENERAL NOTE | |
| General note | BE Project Report |
| 942 ## - ADDED ENTRY ELEMENTS (KOHA) | |
| Institution code [OBSOLETE] | CAE NUST |
| Call number prefix | PR 751 |
| Withdrawn status | Lost status | Damaged status | Not for loan | Collection code | Permanent Location | Current Location | Date acquired | Total Checkouts | Full call number | Barcode | Date last seen | Price effective from | Koha item type |
|---|---|---|---|---|---|---|---|---|---|---|---|---|---|
| College of Aeronautical Engineering (CAE) | College of Aeronautical Engineering (CAE) | 04/03/2017 | PR 751 | CAEPR-751 | 04/05/2017 | 04/05/2017 | Book |
